书目信息 |
| 题名: |
九鬼周造的哲学
|
|
| 作者: | 小浜善信 著 ;郭永恩 , 范丽燕 译 | |
| 分册: | ||
| 出版信息: | 北京 中国书籍出版社 2013 |
|
| 页数: | 221页 | |
| 开本: | 24cm | |
| 丛书名: | ||
| 单 册: | ||
| 中图分类: | B313.5 | |
| 科图分类: | ||
| 主题词: | 哲学思想--研究--日本--现代 , 哲学思想 | |
| 电子资源: | ||
| ISBN: | 978-7-5068-2942-7 | |
| 000 | 01069nam0 22002891 450 | |
| 001 | 519 | |
| 005 | 20140904160539.76 | |
| 010 | @a978-7-5068-2942-7@dCNY45.00 | |
| 100 | @a20130320d2013 em y0chiy50 ea | |
| 101 | 1 | @achi@cjpn |
| 102 | @aCN@b110000 | |
| 105 | @ay z 000yy | |
| 106 | @ar | |
| 200 | 1 | @a九鬼周造的哲学@AJiu Gui Zhou Zao De Zhe Xue@e漂泊之魂@EPiao Bo Zhi Hun@f(日)小浜善信著@F( Ri ) Xiao Bang Shan Xin Zhu@g郭永恩,范丽燕译 |
| 210 | @a北京@c中国书籍出版社@d2013 | |
| 215 | @a221页@d24cm | |
| 300 | @a中国书籍文库 | |
| 330 | @a本书共分七章,主要内容包括:光和影的形而上学,漂泊之魂——诗和形而上学,时间和永远——“日本诗的押韵”,“形而上学的时间”,游戏神——《偶然性的问题》等。 | |
| 606 | 0 | @a哲学思想@x研究@y日本@z现代 |
| 606 | 0 | @a哲学思想 |
| 610 | 0 | @a九鬼周造(1888-1941) |
| 690 | @aB313.5@v5 | |
| 701 | 0 | @g(日)@a小浜善信@AXiao Bang Shan Xin@f(1947~)@4著 |
| 702 | 0 | @a郭永恩@AGuo Yong En@f(1966~)@4译 |
| 702 | 0 | @a范丽燕@AFan Li Yan@g(女,@f1974~)@4译 |
| 801 | 0 | @aCN@bTANGWEI@c20140603 |
| 905 | @b0837588-90@dB313.5@e18@f3 | |
| 九鬼周造的哲学:漂泊之魂/(日)小浜善信著/郭永恩,范丽燕译.-北京:中国书籍出版社,2013 |
| 221页;24cm |
| 中国书籍文库 |
| ISBN 978-7-5068-2942-7:CNY45.00 |
| 本书共分七章,主要内容包括:光和影的形而上学,漂泊之魂——诗和形而上学,时间和永远——“日本诗的押韵”,“形而上学的时间”,游戏神——《偶然性的问题》等。 |
| ● |
| 相关链接 |
|
|
|
|
正题名:九鬼周造的哲学
索取号:B313.5/18
 
预约/预借
| 序号 | 登录号 | 条形码 | 馆藏地/架位号 | 状态 | 备注 |
| 1 | 0837588 | 208375881 | 第一样本阅览室/ [索取号:B313.5/18] | 在馆 | |
| 2 | 0837589 | 208375890 | 第一借阅区/ [索取号:B313.5/18] | 在馆 | |
| 3 | 0837590 | 208375907 | 第一借阅区/ [索取号:B313.5/18] | 在馆 |